| 000 | 00600nam a2200193 a 4500 | ||
|---|---|---|---|
| 001 | 000037189 | ||
| 005 | 20200930080209.0 | ||
| 008 | 120229s1994 sp ac 000 0 spa d | ||
| 020 | _a8420604046 | ||
| 040 |
_aDO-SdBNP _bspa _cBNPHU |
||
| 100 | 1 |
_aEscohotado, Antonio _952991 |
|
| 245 | 1 | 0 |
_aHistoria de las drogas, 3. / _cAntonio Escohotado. |
| 260 |
_aMadrid, : _bAlianza, _c1994. |
||
| 300 |
_av.. ; _c18 cm. |
||
| 490 | 1 | _aSección Humanidades | |
| 500 | _aLa biblioteca posee una reimpresion de la tercera edicion | ||
| 504 | _aBibliografia p: 407-445 | ||
| 830 | 0 |
_aSección Humanidades _963600 |
|
| 999 |
_c36679 _d36679 |
||